Переработка промышленных и бытовых отходов (Технология и техника защиты литосферы): учебное пособие-практикум

Détails bibliographiques
Auteur principal: Ветошкин А. Г. Александр Григорьевич
Résumé:В практикуме приведены технологические схемы установок, конструкции оборудования, технологические процессы, методы и формулы для расчета технологических и конструктивных параметров процессов, установок, машин и аппаратов для защиты литосферы от крупнотоннаж­ных отходов производства и потребления.Рассмотрены технологические стадии обработки осадков сточных вод, включая уплотне­ние, стабилизацию и кондиционирование, обезвоживание, деструкцию и утилизацию осадков сточных вод. основные технологические процессы и оборудование механической обработки твердых отходов: дробление и измельчение, классификация и смешение, компактирование и переработка пластмасс; термическая обработка осадков сточных вод и твердых отходов, включая процессы сушки, обжига и ликвидацию отходов: обезвреживание и захоронение опасных про­мышленных и твердых бытовых отходов на полигонах.Даны подробные решения типовых примеров и контрольные задачи для усвоения учебного материала. В приложении приведены основные характеристики и параметры применяемого обо­рудования и необходимые данные для проведения расчетов.Пособие предназначено для подготовки бакалавров экологическо и строительного профиля, инженеров-экологов и инженеров-строителей при изучении специальных дисциплин. Оно может быть использовано при изучении дисциплин «Экология» и «Безопасность жизнедеятельности» других инженерных специальностей, а также аспирантам, преподавателям вузов и специалиста­ми проектных организаций.
Langue:russe
Publié: Москва, АСВ, 2015
Sujets:
Format: MixedMaterials Livre
KOHA link:https://koha.lib.tpu.ru/cgi-bin/koha/opac-detail.pl?biblionumber=310734

MARC

LEADER 00000nam0a2200000 4500
001 310734
005 20231102002322.0
010 |a 9785930938811 
035 |a (RuTPU)RU\TPU\book\336086 
090 |a 310734 
100 |a 20151127d2015 m y0rusy50 ca 
101 0 |a rus 
102 |a RU 
105 |a a j 001zy 
200 1 |a Переработка промышленных и бытовых отходов (Технология и техника защиты литосферы)  |e учебное пособие-практикум  |f А. Г. Ветошкин 
210 |a Москва  |c АСВ  |d 2015 
215 |a 400 с.  |c ил. 
320 |a Библиогр.: с. 399-400. 
330 |a В практикуме приведены технологические схемы установок, конструкции оборудования, технологические процессы, методы и формулы для расчета технологических и конструктивных параметров процессов, установок, машин и аппаратов для защиты литосферы от крупнотоннаж­ных отходов производства и потребления.Рассмотрены технологические стадии обработки осадков сточных вод, включая уплотне­ние, стабилизацию и кондиционирование, обезвоживание, деструкцию и утилизацию осадков сточных вод. основные технологические процессы и оборудование механической обработки твердых отходов: дробление и измельчение, классификация и смешение, компактирование и переработка пластмасс; термическая обработка осадков сточных вод и твердых отходов, включая процессы сушки, обжига и ликвидацию отходов: обезвреживание и захоронение опасных про­мышленных и твердых бытовых отходов на полигонах.Даны подробные решения типовых примеров и контрольные задачи для усвоения учебного материала. В приложении приведены основные характеристики и параметры применяемого обо­рудования и необходимые данные для проведения расчетов.Пособие предназначено для подготовки бакалавров экологическо и строительного профиля, инженеров-экологов и инженеров-строителей при изучении специальных дисциплин. Оно может быть использовано при изучении дисциплин «Экология» и «Безопасность жизнедеятельности» других инженерных специальностей, а также аспирантам, преподавателям вузов и специалиста­ми проектных организаций. 
606 1 |a Промышленная санитария  |2 stltpush  |3 (RuTPU)RU\TPU\subj\52244  |9 70732 
610 1 |a литосфера 
610 1 |a защита 
610 1 |a сточные воды 
610 1 |a шлам 
610 1 |a осадки 
610 1 |a уплотнители 
610 1 |a стабилизация 
610 1 |a кондиционирование 
610 1 |a обезвоживание 
610 1 |a оборудование 
610 1 |a установки 
610 1 |a утилизация 
610 1 |a твердые отходы 
610 1 |a механическая обработка 
610 1 |a дробилки 
610 1 |a измерители 
610 1 |a классификация 
610 1 |a порошковые материалы 
610 1 |a смесители 
610 1 |a компактирование 
610 1 |a пластические материалы 
610 1 |a переработка 
610 1 |a валковые машины 
610 1 |a червячные машины 
610 1 |a термическая обработка 
610 1 |a сушильные установки 
610 1 |a обжиг 
610 1 |a ликвидация 
610 1 |a обезвреживание 
610 1 |a размещение 
610 1 |a полигоны 
610 1 |a учебные пособия 
675 |a 628.5(075.8)  |v 4 
700 1 |a Ветошкин  |b А. Г.  |g Александр Григорьевич 
801 1 |a RU  |b 63413507  |c 20151127 
801 2 |a RU  |b 63413507  |c 20200826  |g RCR 
900 |a Защита окружающей среды 
942 |c BK 
954 |l 8 
959 |a 149/20151127  |d 3  |e 650,00  |f ЧЗТЛ:1  |f УФ:2